Irak con Q : bitácora de una guerra /
Đã lưu trong:
| Tác giả chính: | |
|---|---|
| Định dạng: | Sách |
| Ngôn ngữ: | Tiếng Tây Ban Nha |
| Được phát hành: |
México :
Plaza y Valdés,
2005, c2005
|
| Những chủ đề: | |
| Các nhãn: |
Không có thẻ, Là người đầu tiên thẻ bản ghi này!
|
MARC
| LEADER | 00000nam^a2200000^a^4500 | ||
|---|---|---|---|
| 001 | 000189036 | ||
| 005 | 20250521000000.0 | ||
| 009 | 20260310102400.927 | ||
| 020 | |a 970-722-410-X | ||
| 037 | |a Acervo ITESO - Biblioteca | ||
| 041 | |a ESP | ||
| 082 | |a 320. 95670443 |b AZU | ||
| 100 | |a Azuela, Arturo |e (autor) | ||
| 245 | 1 | 0 | |a Irak con Q : |b bitácora de una guerra / |c A. Azuela. |
| 264 | 4 | |a México : |b Plaza y Valdés, |c 2005, c2005 | |
| 300 | |a 305 p. | ||
| 336 | |a texto |b txt |2 rdacontenido | ||
| 337 | |a sin mediación |b n |2 rdamedio | ||
| 338 | |a volumen |b nc |2 rdasoporte | ||
| 649 | |a XX | ||
| 650 | |a Crónicas Mexicanas | ||
| 650 | |a Periodismo Político - |z México - |x Historia - |y 2000-2006 | ||
| 650 | |a Periodismo - |z México - |x Historia - |y 2000-2006 | ||
| 650 | |a Comunicación y Política - |z México | ||
| 650 | |a Literatura Mexicana - |y Siglo XXI | ||
| 650 | |a Guerra y Paz - |z Irak | ||
| 650 | |a Intervención Militar en Irak - |x Tema Principal | ||
| 650 | |a Intervención Militar de EUA | ||
| 650 | |a Intervención Militar de Inglaterra | ||
| 650 | |a Intervención Militar de España | ||
| 650 | |a Violencia Política - |z Irak | ||
| 650 | |a Política Exterior - |z EUA - |x Historia - |y 2001-2009 | ||
| 650 | |a Política Exterior - |z España - |x Historia - |y 1996-2004 | ||
| 650 | |a Política Exterior - |z España - |x Historia - |y Juan Carlos I, 1975-2014 | ||
| 650 | |a Política Exterior - |z Inglaterra - |x Historia - |y 1997-2007 | ||
| 650 | |a Política Exterior - |z Inglaterra - |x Historia - |y Isabel II, 1952 en Adelante | ||
| 650 | |a Política - |z Irak - |x Historia - |y Régimen de Saddam Hussein, 1979-2003 | ||
| 650 | |a Política - |z Irak - |x Historia - |y 1968-2003 | ||
| 650 | |a Política - |z Irak - |x Historia - |y Invasión Norteamericana, 2003-2004 | ||
| 650 | |a Política - |z Irak - |x Historia - |y Siglo XXI | ||
| 650 | |a Política Internacional | ||
| 650 | |a Irak - |x Condiciones Políticas | ||
| 650 | |a Irak - |x Condiciones Sociales y Culturales | ||
| 910 | |a Fondo General | ||
| 920 | |a Impresos - Libros | ||
| 930 | |a Colección General | ||
| 905 | |a 101 | ||
| 901 | |a 0500131639 |b IT1 |c ACC |u 20250521 | ||
| 902 | |a https://opac.biblio.iteso.mx/vufind/Record/000189036 | ||